000 00406nam a22001697a 4500
003 OSt
005 20211102090311.0
008 211102b |||||||| |||| 00| 0 eng d
020 _a812031140.X
040 _cHU
082 _2FORUYH ED
_a338.521
100 _aJ.STIGLER GEORGE
_916574
245 _aTHE THEORY OF PRICE .
260 _aU.S.A
_bLTD
_c1996
300 _a371
942 _2ddc
_cBOOKS
_n0
999 _c16210
_d16210